| 000 | 00664nam a2200133Ia 4500 | ||
|---|---|---|---|
| 008 | 220615s9999||||xx |||||||||||||| ||und|| | ||
| 020 | _a9782890000000 | ||
| 245 | 4 | _aThe Role of Negative Emission Technologies in Addressing Our Climate Goals | |
| 546 | _aEnglish[eng] | ||
| 650 | _aNegative Emissions||Carbon Capture and Storage||Mineral Carbonation||CO2 Removal||Land Management||BECCS||Ocean Alkalinity||Enhanced Weathering||Direct Air Capture | ||
| 700 | _aWilcox, Jennifer||Renforth, Phil||Kraxner, Florian | ||
| 856 | _uhttps://www.frontiersin.org/research-topics/9752/the-role-of-negative-emission-technologies-in-addressing-our-climate-goals | ||
| 942 | _cEB | ||
| 999 |
_c16508 _d16508 |
||